000
00233 a2200097 4500
001
51339
100
_a
Naseem Fatma
245
_a
Ilem Kutab Khana Wa Itlaat
260
_a
Karachi
_b
Idara-e-Farogh Kutab Khan
_c
090
_c
32529
_d
32529
942
_a
NUST-CAE
_c
M
_c
25035
999
_c
286412
_d
286412